| 000 | 01759nam a22003134c 4500 | ||
|---|---|---|---|
| 003 | AR-BaSMT | ||
| 008 | 260512b2026 aga|||br|||| 000 1|spa d | ||
| 020 | _a9789878014876 | ||
| 040 |
_aBSGB _bespañol _cBSGB _erda |
||
| 041 | 1 |
_afre _hFrancés |
|
| 080 | _a82-34 RIV | ||
| 100 | 1 |
_aRivelaygue, Laurent _9507 |
|
| 245 | 1 | 4 |
_aLosquien qué : _by una caperucita amarilla con bandas reflectantes para que la veamos de noche |
| 246 | 2 | 1 | _aLes quiquoi et le petit chaperon jaune avec des bandes réfléchissantes pour qu´on la voie dans la nuit |
| 250 | _aPrimera edición | ||
| 264 | 1 |
_aBuenos aires : _bSiglo XXI Editores , _c2026 |
|
| 300 |
_a32 páginas ; _bilustraciones color |
||
| 336 |
_2rdacontent _atexto _btxt |
||
| 337 |
_2rdamedia _asin mediación _bn |
||
| 338 |
_2rdacarrier _avolumen _bnc |
||
| 490 | _aSiglo para chicos | ||
| 520 | 1 |
_aLos Quienqué y una caperucita amarilla con bandas reflectantes para que la veamos de noche
Los Quienqué son Oli, Petunia, Pamela, Mustard, Raúl y Mixo, un grupo de amigos con personalidades muy curiosas… ¡y mucha imaginación!
Petunia tiene que de escribir un cuento para el colegio. Para ayudarla, Oli dibuja un libro del que sale una Caperucita que no es roja sino amarilla. Se llama Clementina, y va a visitar a su abuelita que vive lejos, en el bosque. Los Quienqué deciden acompañarla: ¿Podrán cruzar ese bosque misterioso? ¿Tendrán que cuidarse del lobo feroz? _uhttps://sigloxxieditores.com.ar/libro/los-quienque-y-una-caperucita-amarilla-con-bandas-reflectantes-para-que-la-veamos-de-noche/ 12/05/2026 |
|
| 521 | _aA partir de 9 años | ||
| 650 | 7 |
_98 _aLITERATURA INFANTIL |
|
| 650 | 7 |
_923 _aCUENTO |
|
| 650 | 7 |
_922 _aHUMOR |
|
| 942 |
_2ddc _aBOOK |
||
| 999 |
_c682 _d682 |
||